| 000 | 00785nam a2200253Ia 4500 | ||
|---|---|---|---|
| 003 | OSt | ||
| 005 | 20220918171026.0 | ||
| 006 | a|||||r|||| 00| 0 | ||
| 007 | ta | ||
| 008 | 220917b |||||||| |||| 00| 0 eng d | ||
| 020 |
_a9781137599223 (hbk) _cEURO 89.95 |
||
| 024 | _a317,799 | ||
| 037 |
_b2675, 08/03/2017, Success Book Service _cTextual |
||
| 040 |
_aARTS _cARTS _beng |
||
| 041 |
_2eng _aeng |
||
| 082 | _aQ20aNT44, Q6 | ||
| 100 |
_aDimitrova Diana Au. _933270 |
||
| 245 | 0 | _aHinduism and hindi theater | |
| 260 |
_aNew York _bPalgrave Macmillan USA _c2016 |
||
| 300 |
_ax,215p. _ccm. |
||
| 650 |
_aHINDUISM; THEATER _933271 |
||
| 942 |
_hQ20aNT44, Q6 _cTEXL _2CC |
||
| 999 |
_c137368 _d137368 |
||